Κατάλογος Βιβλιοθηκών Mediterranean College

International Business / Third Edition (Record no. 736)

MARC details
000 -LEADER
fixed length control field 01710cam a22002174a 4500
005 - ΗΜΕΡΟΜΗΝΙΑ ΚΑΙ ΩΡΑ ΤΕΛΕΥΤΑΙΑΣ ΕΝΗΜΕΡΩΣΗΣ
Πεδίο ελέγχου 20250605163944.0
008 - FIXED-LENGTH DATA ELEMENTS--GENERAL INFORMATION
Πεδίο ελέγχου σταθερού μήκους 250528s ||||||||||||||||||||||||d
035 ## - SYSTEM CONTROL NUMBER
System control number 15142
040 ## - ΠΗΓΗ ΚΑΤΑΛΟΓΟΓΡΑΦΗΣΗΣ
Φορέας πρωτότυπης καταλογογράφησης MC Athens Campus Library
Γλώσσα καταλογογράφησης Ελληνικά, Μοντέρνα (1453-)
Modifying agency MC Athens Campus Library
Κανόνες περιγραφικής καταλογογράφησης AACR2
245 1# - ΤΙΤΛΟΣ ΚΑΙ ΔΗΛΩΣΗ ΥΠΕΥΘΥΝΟΤΗΤΑΣ
Τίτλος International Business / Third Edition
250 ## - EDITION STATEMENT
Edition statement 3rd
260 ## - PUBLICATION, DISTRIBUTION, ETC.
Name of publisher, distributor, etc. Cedarwood Press,
Date of publication, distribution, etc. 1971
300 ## - PHYSICAL DESCRIPTION
Extent 438
505 0# - FORMATTED CONTENTS NOTE
Formatted contents note The Field of International Business, Introduction, The Field of International Business, Methodology, The International Environment, The International Monetaty System, Behavioral Problems in International Business, Legal and Political Constraints, Challenge and Responce, Governments and the MNFs, Development of the International Order, Multinational Corporations, Multinational Firm Strategies: Management, MNF Strategies: Management, MNF Strategies: Finance and Accounting, MNF Strategies: Marketing, MNF Strategies: Production, MNF Strategies: Personnel, A Look at the Future, Conclusion, Index.
520 ## - SUMMARY, ETC.
Summary, etc. The Field of International Business, Introduction, The Field of International Business, Methodology, The International Environment, The International Monetaty System, Behavioral Problems in International Business, Legal and Political Constraints, Challenge and Responce, Governments and the MNFs, Development of the International Order, Multinational Corporations, Multinational Firm Strategies: Management, MNF Strategies: Management, MNF Strategies: Finance and Accounting, MNF Strategies: Marketing, MNF Strategies: Production, MNF Strategies: Personnel, A Look at the Future, Conclusion, Index.
700 1# - ΠΡΟΣΘΕΤΗ ΑΝΑΓΡΑΦΗ--ΦΥΣΙΚΟ ΠΡΟΣΩΠΟ
Personal name Farmer N. Richard
9 (RLIN) 995
700 1# - ΠΡΟΣΘΕΤΗ ΑΝΑΓΡΑΦΗ--ΦΥΣΙΚΟ ΠΡΟΣΩΠΟ
Personal name Richman M. Barry
9 (RLIN) 997
942 ## - ADDED ENTRY ELEMENTS (KOHA)
Koha item type Books
Holdings
Τύπος τεκμηρίου Βιβλιοθήκη Τρέχουσα τοποθεσία Barcode Αριθμός εισαγωγής Ημερομηνία απόκτησης Ταξιθετικό σύμβολο Αριθμός αντιτύπου Κατάσταση απόσυρσης Κατάσταση χαμένου Κατάσταση κατεστραμμένου Μη δανεισμός Σύνολο δανεισμών Ημερομηνία τελευταίας εμφάνισης Η τιμή ισχύει από
Books MC Athens Campus Library MC Athens Campus Library 9780000007353 1373 05/06/2025 658.049 FAR 1           05/06/2025 05/06/2025

MC Athens Campus Library
Πατησίων 94 & Κοδριγκτώνος 13, 104 34
Πελλήνης 8 & Πατησίων 107, 112 51
Τ: +30 210 8899600

MC Thessaloniki Campus Library
Ίωνος Δραγούμη 21, 54625 | Ίωνος Δραγούμη 15, 54625
Τ: +30 2310 287779 – Τ: +30 2314 440300